| 000 | 00358 a2200169 4500 | ||
|---|---|---|---|
| 001 | 183009 | ||
| 020 | _a978-85-16-06310-8 | ||
| 040 | _cMagnum | ||
| 100 | _aRocha, Ruth | ||
| 240 | 1 | 0 |
_aLá vem o ano novo _lpor |
| 245 | 1 | 0 | _aLá vem o ano novo |
| 300 | _a40 | ||
| 362 | 0 | _a2009 | |
| 440 | 1 | _aSalamandra | |
| 697 | _aLITERATURA INFANTIL | ||
| 942 | _cBK | ||
| 999 |
_c183009 _d183009 |
||